Catalog

Record Details

Catalog Search



An Amish Christmas star  Cover Image Large Print Book Large Print Book

An Amish Christmas star / Shelley Shepard Gray, Charlotte Hubbard, Rosalind Lauer.

Summary:

"Buggies, Trains, and Automobiles by Shelley Shepard Gray: Called home by family, John Miller and Ellie Coblentz are each looking for a way north from Pinecraft, Florida. With few options, they decide sharing the burden of travel must be the Lord's plan for them. But can this bumpy, bad-weather journey home help them find their way into each other's hearts, too? Star of Wonder by Charlotte Hubbard: When Raymond Overholt comes to Promise Lodge, hoping to sell the barnboard signs he's painted with stars and Christmas messages, spirited young Mennonite Lizzie Zehr is intrigued. But any courtship between them will face fierce opposition from the bishop of Raymond's Old Order community -- unless someone can convince him that at the heart of faith lies love . . . Starlight Everlasting by Rosalind Lauer: Newlyweds Rachel and Luke Coblentz can't wait to celebrate their first Christmas together after years of courtship. But when Luke's factory job threatens to keep them apart -- from each other and their dream of a family -- it will take faith to believe in the gift of a truly joyful ending . . ."-- Provided by publisher.

Record details

  • ISBN: 9781638085386
  • ISBN: 1638085382
  • Physical Description: 415 pages (large print) ; 23 cm.
  • Edition: Center Point Large Print edition.
  • Publisher: Thorndike, Maine : Center Point Large Print, 2022.

Content descriptions

General Note:
Regular print version previously published by Kensington Publishing Corp.
Formatted Contents Note:
Buggies, trains, and automobiles / Shelley Shepard Gray -- Star of wonder / Charlotte Hubbard -- Starlight everlasting / Rosalind Lauer.
Subject: Amish > Fiction.
Mennonites > Fiction.
Man-woman relationships > Fiction.
Courtship > Fiction.
Newlyweds > Fiction.
Christmas stories.
Large type books.
Genre: Christmas fiction.
Romance fiction.
Short stories.
Christian fiction.

LDR 04334cam a2200817 i 4500
001166327
003SBPL
00520250818130414.0
008221023t20222022meu ed 000 1 eng d
010 . ‡a 2022944033
020 . ‡a9781638085386 ‡q(large print ; ‡qhardback : alk. paper)
020 . ‡a1638085382 ‡q(large print ; ‡qhardback : alk. paper)
035 . ‡a(OCoLC)1348564885
050 4. ‡aPS648.A45 ‡bA45 2022
08204. ‡a813.010/8921/28973 ‡223/eng/2019
24503. ‡aAn Amish Christmas star / ‡cShelley Shepard Gray, Charlotte Hubbard, Rosalind Lauer.
250 . ‡aCenter Point Large Print edition.
264 1. ‡aThorndike, Maine : ‡bCenter Point Large Print, ‡c2022.
264 4. ‡c©2022
300 . ‡a415 pages (large print) ; ‡c23 cm.
336 . ‡atext ‡btxt ‡2rdacontent
337 . ‡aunmediated ‡bn ‡2rdamedia
338 . ‡avolume ‡bnc ‡2rdacarrier
340 . ‡nlarge print ‡2rdafs
500 . ‡aRegular print version previously published by Kensington Publishing Corp.
50500. ‡tBuggies, trains, and automobiles / ‡rShelley Shepard Gray -- ‡tStar of wonder / ‡rCharlotte Hubbard -- ‡tStarlight everlasting / ‡rRosalind Lauer.
520 . ‡a"Buggies, Trains, and Automobiles by Shelley Shepard Gray: Called home by family, John Miller and Ellie Coblentz are each looking for a way north from Pinecraft, Florida. With few options, they decide sharing the burden of travel must be the Lord's plan for them. But can this bumpy, bad-weather journey home help them find their way into each other's hearts, too? Star of Wonder by Charlotte Hubbard: When Raymond Overholt comes to Promise Lodge, hoping to sell the barnboard signs he's painted with stars and Christmas messages, spirited young Mennonite Lizzie Zehr is intrigued. But any courtship between them will face fierce opposition from the bishop of Raymond's Old Order community -- unless someone can convince him that at the heart of faith lies love . . . Starlight Everlasting by Rosalind Lauer: Newlyweds Rachel and Luke Coblentz can't wait to celebrate their first Christmas together after years of courtship. But when Luke's factory job threatens to keep them apart -- from each other and their dream of a family -- it will take faith to believe in the gift of a truly joyful ending . . ."-- ‡cProvided by publisher.
650 0. ‡aAmish ‡vFiction.
650 0. ‡aMennonites ‡vFiction.
650 0. ‡aMan-woman relationships ‡vFiction.
650 0. ‡aCourtship ‡vFiction.
650 0. ‡aNewlyweds ‡vFiction.
650 0. ‡aChristmas stories.
650 0. ‡aLarge type books.
655 7. ‡aChristmas fiction. ‡2lcgft
655 7. ‡aRomance fiction. ‡2lcgft
655 7. ‡aShort stories. ‡2lcgft
655 7. ‡aChristian fiction. ‡2lcgft
901 . ‡a166327 ‡bAUTOGEN ‡c166327 ‡tbiblio

Additional Resources